logo

Bir Sreshtho Munshi Abdur Rouf Library
Jhenaidah Cadet College

Heinemann modular mathematics for edexcel as and A-Level / (Record no. 8693)

MARC details
000 -LEADER
fixed length control field 00832nam a2200277 a 4500
001 - CONTROL NUMBER
JCCL Control Number 8693
003 - CONTROL NUMBER IDENTIFIER
JCCL marc code BD-JhCC
005 - DATE AND TIME OF LATEST TRANSACTION
control field 20210329134019.0
008 - FIXED-LENGTH DATA ELEMENTS--GENERAL INFORMATION
fixed length control field 040414s2004 enka 001 0 eng d
020 ## - INTERNATIONAL STANDARD BOOK NUMBER
International Standard Book Number 0435511009
035 ## - SYSTEM CONTROL NUMBER
system control number (BD-JhCC)8693
040 ## - CATALOGING SOURCE
Original cataloging agency BDS
Modifying agency BD-JhCC
041 ## - LANGUAGE CODE
Language code of Book eng
082 0# - DEWEY DECIMAL CLASSIFICATION NUMBER
Classification number 510
DDC Edition number 22
Author mark and Year HEI
245 00 - TITLE STATEMENT
Title Heinemann modular mathematics for edexcel as and A-Level /
Statement of responsibility, etc Greg Attwood ... [et al.].
246 14 - VARYING FORM OF TITLE
Title proper/short title Core mathematics
260 ## - PUBLICATION, DISTRIBUTION, ETC. (IMPRINT)
Place of publication, distribution, etc Oxford :
Name of publisher, distributor, etc Heinemann,
Date of publication, distribution, etc 2004.
300 ## - PHYSICAL DESCRIPTION
Pagination iv, 140 p. :
Other physical details ill. ;
Dimensions 27 cm.
500 ## - GENERAL NOTE
General note Includes index.
500 ## - GENERAL NOTE
General note "Ideal for the 2004 specifications"--Cover.
650 #0 - SUBJECT ADDED ENTRY--TOPICAL TERM
Topical term or geographic name as entry element Mathematics.
650 #0 - SUBJECT ADDED ENTRY--TOPICAL TERM
Topical term or geographic name as entry element Mathematics
Form subdivision Problems, exercises, etc.
830 #0 - SERIES ADDED ENTRY--UNIFORM TITLE
Uniform title Heinemann modular mathematics for Edexcel AS and A-level
942 ## - ADDED ENTRY ELEMENTS (KOHA)
Source of classification or shelving scheme Dewey Decimal Classification
Koha item type Books
Koha issues (borrowed), all copies 6
Holdings
Source of classification or shelving scheme volume number Damaged status Not for loan Home library Current library Shelving location Date of accession Source of acquisition Total Checkouts Full call number Barcode Date last seen Date checked out Copy number Koha item type
Dewey Decimal Classification V-4     JCC Rouf Library JCC Rouf Library General Stacks 03/01/2018 Md.Nasser Shahrear Zahedee 1 510 HEI 11147 03/29/2021 03/28/2021 C-1 Books
Dewey Decimal Classification V-2     JCC Rouf Library JCC Rouf Library General Stacks 03/01/2018 Md.Nasser Shahrear Zahedee 1 510 HEI 11146 03/29/2021 03/28/2021 C-2 Books
Dewey Decimal Classification V-1     JCC Rouf Library JCC Rouf Library General Stacks 03/01/2018 Md.Nasser Shahrear Zahedee 1 510 HEI 11145 03/29/2021 03/28/2021 C-3 Books
Dewey Decimal Classification       JCC Rouf Library JCC Rouf Library General Stacks       510 HEI 11850 03/05/2018   C - 4 Books
Dewey Decimal Classification       JCC Rouf Library JCC Rouf Library General Stacks       510 HEI 11849 03/05/2018   C - 5 Books

JCC Library | Contacts | JCC Home

Last Update on 23 September 2017
Copyright @ 2017-2020 JCC Rouf Library
Rouf Library, Jhenidah Cadet College (JCC), Bangladesh